000 00545nam a22001817a 4500
003 0
005 20230619085804.0
008 230619b xxu||||| |||| 00| 0 eng d
020 _a971-630-005-0
082 _aFil. 675.8
_b.Me468 1992
245 _aAndres Bonifacio
_cMedina, Isagani R.
260 _aMakati City
_bTahanan Books for Young Readers
_cC1992
300 _a32pp.
_bill.
_c25cm.
500 _aBonifacio, Andres.
500 _aHeroes-Philippines-Biography.
504 _aIncludes bibliographical references.
942 _2ddc
_cBK
999 _c364999
_d364999